Luật bảo vệ môi trường : Quy định về xử phạt vi phạm hành chính trong lĩnh vực bảo vệ môi trường, hình thức, mức xử phạt và biện pháp khắc phục hậu quả đối với các cơ quan, tổ chức, doanh nghiệp, cơ sở sản xuất, hộ kinh doanh, hộ gia đình và cá nhân vi phạm bảo vệ môi trường
Quy định về xử phạt vi phạm hành chính trong lĩnh vực bảo vệ môi trường, hình thức, mức xử phạt và biện pháp khắc phục hậu quả đối với cơ quan, tổ chức, doanh nghiệp, hộ kinh doanh, hộ gia đình và cá nhân vi phạm....
Spremljeno u:
| Daljnji autori: | |
|---|---|
| Format: | Knjiga |
| Jezik: | Vietnamese |
| Izdano: |
H.
Thanh Niên
2021
|
| Teme: | |
| Oznake: |
Dodaj oznaku
Bez oznaka, Budi prvi tko označuje ovaj zapis!
|
| Thư viện lưu trữ: | Thư viện Trường Đại học Nam Cần Thơ |
|---|
| LEADER | 01808nam a22002177a 4500 | ||
|---|---|---|---|
| 001 | NCT_4_024389 | ||
| 008 | 250702b xxu||||| |||| 00| 0 vie d | ||
| 999 | |c 9201 |d 9201 | ||
| 020 | |a 9786043263985 |c 425000 | ||
| 082 | 0 | 4 | |2 23rd ed. |a 344.597046 |b L504B |
| 245 | 0 | 0 | |a Luật bảo vệ môi trường : |b Quy định về xử phạt vi phạm hành chính trong lĩnh vực bảo vệ môi trường, hình thức, mức xử phạt và biện pháp khắc phục hậu quả đối với các cơ quan, tổ chức, doanh nghiệp, cơ sở sản xuất, hộ kinh doanh, hộ gia đình và cá nhân vi phạm bảo vệ môi trường |c Nguyễn Trọng Thuyết (hệ thống) |
| 260 | |a H. |b Thanh Niên |c 2021 | ||
| 300 | |a 399 tr. |c 27 cm | ||
| 520 | 3 | |a Quy định về xử phạt vi phạm hành chính trong lĩnh vực bảo vệ môi trường, hình thức, mức xử phạt và biện pháp khắc phục hậu quả đối với cơ quan, tổ chức, doanh nghiệp, hộ kinh doanh, hộ gia đình và cá nhân vi phạm. | |
| 653 | |a Luật | ||
| 700 | 1 | |a Nguyễn Trọng Thuyết |e Hệ thống | |
| 942 | |2 ddc |c BK | ||
| 952 | |0 0 |1 0 |2 ddc |4 0 |6 344_597046000000000_L504B |7 0 |9 31117 |a 000001 |b 000001 |d 2025-07-02 |o 344.597046 L504B |p MD.24138 |r 2025-07-02 |v 425000.00 |w 2025-07-02 |y BK | ||
| 952 | |0 0 |1 0 |2 ddc |4 0 |6 344_597046000000000_L504B |7 0 |9 31118 |a 000001 |b 000001 |d 2025-07-02 |o 344.597046 L504B |p MD.24139 |r 2025-07-02 |v 425000.00 |w 2025-07-02 |y BK | ||
| 952 | |0 0 |1 0 |2 ddc |4 0 |6 344_597046000000000_L504B |7 0 |9 31119 |a 000001 |b 000001 |d 2025-07-02 |o 344.597046 L504B |p MD.24140 |r 2025-07-02 |v 425000.00 |w 2025-07-02 |y BK | ||
| 980 | |a Thư viện Trường Đại học Nam Cần Thơ | ||


